| 000 | 00697cab a2200229 4500 | ||
|---|---|---|---|
| 001 | ABS55438 | ||
| 008 | 090401t1996 xxu||||| |||| 00| 0 eng d | ||
| 035 | _a(Sirsi) u16439 | ||
| 041 | _aeng | ||
| 100 | _aMacneil, J. | ||
| 245 | 2 | _aA chorus of disapproval | |
| 260 | _c1996 | ||
| 350 | _a0 | ||
| 490 |
_aBuilding _v261(7952) 2 August 1996, 48-49(2) |
||
| 520 | _aAirs the criticisms of approved lists and shortlisting procedures querying whether they are as efficient as clients believe. | ||
| 650 | _aAPPROVED LISTS | ||
| 650 | _aCONSTRUCTION (DESIGN AND MANAGEMENT) REGULATIONS 1994 | ||
| 650 | _aSHORTLISTING | ||
| 690 | _aBUILT ENVIRONMENT | ||
| 942 | _n0 | ||
| 948 | _c04/03/1997 | ||
| 999 |
_c10821 _d10821 |
||